000 00612nam a2200229Ia 4500
003 OSt
005 20220918174058.0
006 a|||||r|||| 00| 0
007 ta
008 220917b |||||||| |||| 00| 0 eng d
024 _a10,352
037 _cTextual
040 _aARTS
_cARTS
_beng
041 _2eng
_aeng
082 _aR1, M6;1
100 _aGutenplan Samuel
_949059
245 0 _aLanguages of logic
_b an introduction to formal logic
260 _aOxford
_bBlackwell Pub
_c1986
650 _aPHILOSOPHY
942 _hR1, M6;1
_cTEXL
_2CC
999 _c151726
_d151726